000 00404cam a22001337a 4500
008 180718b1990 xxu||||| |||| 00| 0 eng d
082 _aC4x54 Sh23c
100 _aSharma, B.R.
245 _aConstitutional law and judicial activism
_cby B.R. Sharma
260 _aDelhi
_bAshish
_c1990
300 _a282p.
650 _aConstitutional law --India.
650 _aPolitical questions and judicial power --India
999 _c354329
_d354329